| 000 | 00629pam a2200241 a 4500 | ||
|---|---|---|---|
| 001 | 916983 | ||
| 005 | 20180315044332.0 | ||
| 008 | 830121t19821980nju b 000 0 eng | ||
| 010 | _a 82023135 | ||
| 020 | _a0136070442 | ||
| 020 | _a0136070515 (pbk.) | ||
| 040 |
_aDLC _cDLC _dDLC |
||
| 041 | _aeng | ||
| 080 | _a781.65 | ||
| 082 | 0 | 0 |
_a781.65 BAI _219 |
| 100 | 1 | _a45 | |
| 101 | _aMUZ | ||
| 240 | 1 | 0 | _aImprovisation |
| 245 | 1 | 0 |
_aMusical improvisation : _cDerek Bailey. |
| 504 | _aBibliography: p. 154. | ||
| 906 |
_a7 _bcbc _corignew _d1 _eocip _f19 _gy-gencatlg |
||
| 942 |
_2ddc _cBK |
||
| 999 |
_c45070 _d45070 |
||